000 00420nam a22001697a 4500
003 MPLRDC
005 20220104151620.0
008 210129b ||||| |||| 00| 0 eng d
082 _a947.47 TZBEX-4 v.46
100 _a藤子不二雄原著
245 _a小叮当
_c
260 _a
_b小叮当出版社
_c
300 _b
490 _a合订本. 46
650 _a哆啦A梦漫画
942 _cBK
_o947.47 TZBEX-4 v.46
999 _c52465
_d52455